LEADER 01055nam a2200253 i 4500 001 000000038266 003 CaOOAMICUS 005 20080329000000.0 008 080329s1960 it u000 u ita u 013 $a8691 040 $aSeMil$bita 100 1 $aShaw, George Bernard,$d<1856-1950>.$0(OLS)http://semarc/name/8634 245 10$aTorniamo a Matusalemme /$cdi Bernard Shaw. 260 $a[Milano] :$bArnoldo Mondadori Editore,$c1960. 300 $a389 p. ;$c20 cm. 490 0 $aBiblioteca moderna Mondadori ;$v609.-610 490 0 $aBiblioteca moderna Mondadori. Teatro ;$v. 830 0$aBiblioteca moderna Mondadori ;$v609.-610.$0(OLS)http://semarc/title/8674 830 0$aBiblioteca moderna Mondadori. Teatro ;$v.$0(OLS)http://semarc/title/18934 850 $aSeMil 852 $aSeMil$W1$xVenegono$y1$m1V III 93$j4421$B4421$CSeMilBibl$Z2$F4421 $81 961 $aOmaggio: Deposito 996 $6245$aTorniamo a Matusalemme$9(OLS)http://semarc/title/53933 996 $6260$a[Milano] :$bArnoldo Mondadori Editore$9(OLS)http://semarc/publisher/29634 LEADER 00927nam a2200229 i 4500 001 000000060740 003 CaOOAMICUS 005 20120927000000.0 008 120927s1997 it u000 u ita u 013 $a31912 040 $aSeMil$bita 100 1 $aLuraschi, Giorgio,$d <1942-2011>.$0(OLS)http://semarc/name/30726 245 10$aStoria di Como Antica :$bsaggi di archeologia, diritto e storia /$cGiorgio Luraschi. 260 $aComo :$bNew Press,$c1997. 300 $aXXVII, 815 p. :$bill. ;$c25 cm. 500 $aSul dorso : Vol. 1. 650 4$aComo - Storia.$0(OLS)http://semarc/subject/4482 850 $aSeMil 852 $aSeMil$W1$xVenegono$y1$m3P IV 259$j26893$B26893$CSeMilBibl$Z2$F26896 $81 961 $aAcquisto: Casa editrice 996 $6245$aStoria di Como Antica :$bsaggi di archeologia, diritto e storia$9(OLS)http://semarc/title/95270 996 $6260$aComo :$bNew Press$9(OLS)http://semarc/publisher/29641